000 01044nas a2200325 4500
001 BR2013004429
003 BR-BrBNA
005 20231205122502.0
007 ta
008 230509b bl.|||p| |||| 00| 00por d
040 _aBR-BrBNA
_bpor
_cBiblioteca Nacional de Agricultura
041 _a(Pt)
072 _aQ04; Q02
100 1 _aMilani, L.I.G.
100 1 _aTerra, N.N.
100 1 _aFries, L.L.M.
100 1 _aCichoski, A.J.
100 1 _aRezer, A.P. de S.
100 1 _aBackes, A.M.
100 1 _aParodia, C.G.
245 1 _aAtividade antioxidante e antimicrobiana in vitro de extratos de caqui (Diospyros kaki L.)cultivar Rama Forte
650 _aANÁLISE DE ALIMENTO
650 _aCOMPOSTO FENÓLICO
650 _aBACTERICIDA
650 _aEXTRAÇÃO
773 0 _tBrazilian Journal of Food Technology (Brazil)
_xISSN 1519-0900
_g(Apr-Jun 2012), V. 15(2) p. 118-124
_wBR2013004429
856 4 0 _uhttp://www.scielo.br/pdf/bjft/v15n2/aop_2411.pdf
909 _a202311
_bLúcia
_c55
_dLúcia Elande
942 _2AGRIS
_n0
_cANA
999 _c228897
_d228897